An almanack for the year of our Lord God, 1692 : being leap-year /

Bibliographic Details
Main Author: Wing, Vincent, 1619-1668
Format: eBook
Language:English
Published: London : Printed by Mary Clark for the Company of Stationers, 1692.
Series:Early English books online.
Subjects:
Online Access:Connect to the full text of this electronic book

MARC

Tag First Indicator Second Indicator Subfields
LEADER 00000nam a2200000Ia 4500
001 in00004306607
005 20200810090807.0
006 m g d
007 cr bn |||a|bb|
008 880926s1692 enk o 00| | eng d
035 |a (OCoLC)18531072 
040 |a EAI  |c EAI  |d WaOLN 
037 |a CL0037000060  |b ProQuest Information and Learning. 300 N. Zeeb Rd., Ann Arbor, MI 48106 
043 |a e-uk-en 
045 0 |b d1692 
090 |a AY751.W56  |b 045 1692 
049 |a EAIA 
100 1 |a Wing, Vincent,  |d 1619-1668. 
245 1 3 |a An almanack for the year of our Lord God, 1692 :  |b being leap-year /  |c by Vincent Wing ... 
260 |a London :  |b Printed by Mary Clark for the Company of Stationers,  |c 1692. 
300 |a 1 online resource (1 broadside. 
336 |a text  |b txt  |2 rdacontent 
337 |a computer  |b c  |2 rdamedia 
338 |a online resource  |b cr  |2 rdacarrier 
500 |a Imperfect: creased, stained, torn, faded, with considerable loss of printing. 
500 |a Reproduction of original in the Bodleian Library. 
510 4 |a Wing  |c A2798 
533 |a Electronic reproduction.  |b Ann Arbor, Mich. :  |c UMI,  |d 1999-  |f (Early English books online)  |n Digital version of: (Early English books, 1641-1700 ; 1645:25)  |7 s1999 miun s 
650 0 |a Almanacs, English. 
650 0 |a Ephemerides. 
650 0 |a Astrology  |v Early works to 1800. 
830 0 |a Early English books online. 
856 4 0 |u http://proxy.library.tamu.edu/login?url=https://search.proquest.com/docview/2248551248  |z Connect to the full text of this electronic book  |t 0 
999 f f |s 09c2f13e-ca0a-3082-832a-08485b431475  |i 7d8c1c03-6971-372f-9d76-929e7aa9254e  |t 0 
952 f f |a Texas A&M University  |b College Station  |c Electronic Resources  |d Available Online  |t 0  |e AY751.W56 045 1692  |h Library of Congress classification 
998 f f |a AY751.W56 045 1692  |t 0  |l Available Online